000 00307nmm a2200097Ia 4500
008 220120s9999||||xx |||||||||||||||||und||
020 _a81-318-0080-6
100 _aPCQ December 2009
245 0 _aBlogger`s special 15 tools, 5 linux destros, 4 lock browsers
260 _aCyber tach publication
_bBangalore
_c2009
999 _c139438
_d139438